Prehľad teoretických východísk merania príjmovej nerovnosti

Salvato in:
Dettagli Bibliografici
Autore principale: Sipková, Ľubica, 1962-
Natura: Capitolo di libro
Lingua:slovacco
Tags: Aggiungi Tag
Nessun Tag, puoi essere il primo ad aggiungerne!!

MARC

LEADER 00000naa$a2200000$$$4500
001 0068123
005 20240502071823.9
041 0 |a slo 
044 |a SK 
245 1 0 |a Prehľad teoretických východísk merania príjmovej nerovnosti  |c Ľubica Sipková 
100 1 |a Sipková, Ľubica, 1962-